Signal processing and linear systems (Record no. 1319)

000 -LEADER
fixed length control field 00543nam a2200205 a 4500
001 - CONTROL NUMBER
control field 1319
003 - CONTROL NUMBER IDENTIFIER
control field BD-DhUET
008 - FIXED-LENGTH DATA ELEMENTS--GENERAL INFORMATION
fixed length control field 980109s1998 caua b 001 0 eng
020 ## - INTERNATIONAL STANDARD BOOK NUMBER
International Standard Book Number 0941413357
040 ## - CATALOGING SOURCE
Original cataloging agency DLC
Transcribing agency DLC
Modifying agency BD-DhUET
082 00 - DEWEY DECIMAL CLASSIFICATION NUMBER
Classification number 623.22
Item number LAT/1998
100 ## - MAIN ENTRY--PERSONAL NAME
Personal name Lathi B. P.
245 10 - TITLE STATEMENT
Title Signal processing and linear systems
250 ## - EDITION STATEMENT
Edition statement 1st ed
260 ## - PUBLICATION, DISTRIBUTION, ETC. (IMPRINT)
Place of publication, distribution, etc. New York
Name of publisher, distributor, etc. Oxford University Press
Date of publication, distribution, etc. 1998
300 ## - PHYSICAL DESCRIPTION
Extent x, 850 p.
Other physical details ill.
Dimensions 24 cm.
504 ## - BIBLIOGRAPHY, ETC. NOTE
Bibliography, etc Includes bibliographies
650 #0 - SUBJECT ADDED ENTRY--TOPICAL TERM
Topical term or geographic name as entry element Digital signal processing
942 ## - ADDED ENTRY ELEMENTS (KOHA)
Koha item type General Book
Holdings
Source of classification or shelving scheme Koha full call number Date acquired Shelving location Koha date last borrowed Copy number Koha renewals Koha date last seen Location (home branch) Koha item type Koha issues (times borrowed) Not for loan Piece designation (barcode) Lost status Sublocation or collection (holding branch) Damaged status Koha normalized classification for sorting Withdrawn status Price effective from
 623.22/LAT/19982014-09-03Circulation section 122019-09-14Central Library, BUETGeneral Book  103856 Central Library, BUET 623_000000000000000_22LAT1998 2014-09-03
 623.22/LAT/19982014-09-03Circulation section 2 2014-09-03Central Library, BUETGeneral Book  103857 Central Library, BUET 623_000000000000000_22LAT1998 2014-09-03
 623.22/LAT/19982014-09-03Circulation section2015-06-133 2017-08-19Central Library, BUETGeneral Book1 103859 Central Library, BUET 623_220000000000000_LAT_1998 2014-09-03
 623.22/LAT/19982014-09-03Circulation section2015-10-204 2017-01-08Central Library, BUETGeneral Book1 103860 Central Library, BUET 623_000000000000000_22LAT1998 2014-09-03
 623.22/LAT/19982014-09-03Circulation section2015-05-255 2017-04-11Central Library, BUETGeneral Book1 103863 Central Library, BUET 623_000000000000000_22LAT1998 2014-09-03
 623.22/LAT/19982014-09-03Circulation section2015-05-256 2017-06-13Central Library, BUETGeneral Book1 103864 Central Library, BUET 623_000000000000000_22LAT1998 2014-09-03
 623.22/LAT/19982014-09-03Circulation section 7 2017-08-20Central Library, BUETGeneral Book  103865 Central Library, BUET 623_000000000000000_22LAT1998 2014-09-03
 623.22/LAT/19982014-11-18Circulation section 8 2017-10-10Central Library, BUETGeneral Book  103858 Central Library, BUET 623_000000000000000_22LAT1998 2014-11-18
 623.22 LAT/19982014-12-02Circulation section2017-04-189 2017-05-31Central Library, BUETGeneral Book1 103861 Central Library, BUET 623_220000000000000_LAT1998 2014-12-02
 623.22/LAT/19982015-06-03Circulation section 1022017-02-06Central Library, BUETGeneral Book  100035 Central Library, BUET 623_220000000000000_LAT_1998 2015-06-03
 623.22/LAT/19982007-05-28Circulation section2025-09-0711 2025-09-17Central Library, BUETGeneral Book2 103862 Central Library, BUET 623_220000000000000_LAT_1998 2017-10-31